000 00436nam a22001937a 4500
003 NUST
020 _a9788120344068
038 _aKhadija
082 _a627 ILA
100 _aIlango, S
_983747
245 _aIntroduction to Hydraulics and Pneumatics
250 _a2nd
260 _aNEW DELHI
_bPHI LEARNING
_c2011
300 _aXV, 302P
490 _a2ND
563 _aPB
700 _aSOUNDARARAJAN, V
_983748
942 _cBK
_2ddc
999 _c33679
_d33679